00291nam a2200121Ia 45000030006000000080041000060400015000471000017000622450033000792600028001125460012001400050017001520STCL150530s9999 xx 000 0 und d aSTCLcSTCL aDerek Hudson aModern english short stories bOxford universityc1957 aEnglish20220125170650.0